000 00917nam a22003017a 4500
003 CHAP
005 20220329141054.0
008 971013s1941 r 00010 d
010 _a62185
011 _a63157
035 _a67333
040 _cCHAP
082 _a972.015
_bS8
100 0 0 _aSteggerda, Morris.
_9109592
245 _aMaya indians of Yucatan
260 _aWashington, D.C. :
_bCarnegie Institution of Washington,
_c1941
300 _ac.a. 280 p.
_e+ 30 láms.
_b; ilus. ; gráfs.
500 _aFotocopia
590 _aBATCH-UPD
_b10
_c20130110
_lUCH01
_h0811
590 _aBATCH-UPD
_b10
_c20130410
_lUCH01
_h0448
590 _aBATCH-UPD
_b10
_c20130914
_lUCH01
_h1632
590 _aCONVERSION
_b10
_c20130109
_lUCH01
_h1333
650 1 4 _aIndios de Yucatán.
_957667
650 1 4 _aMayas.
_973209
901 _aBK
942 _cLIBRO
949 _a972.015 S8
_bBC
_cBPP
_d33724000684650
_eBPP
_h91890
_i67333
_sb
999 _c62185
_d62185